[Event "World Senior chT-50 2019"]
[Site "Rhodes"]
[Date "2019.04.16"]
[Round "1.11"]
[White "Wolf, Sylvia"]
[Black "Arnason, Jon L"]
[Result "0-1"]
[WhiteElo "2001"]
[BlackElo "2423"]
[Annotator "TA"]
[PlyCount "84"]
[EventDate "2019.04.16"]
[EventType "team-tourn"]
[EventCountry "GRE"]
[SourceTitle "playchess.com"]
[Source "ChessBase"]
[SourceQuality "1"]
[WhiteTeam "Germany"]
[BlackTeam "Iceland"]
[WhiteTeamCountry "GER"]
[BlackTeamCountry "ISL"]

{[%evp 23,84,-28,-41,-41,-39,-47,-9,-2,4,-43,-3,-104,-75,-83,-80,-127,-126,-146,-144,-133,-124,-116,-127,-274,-69,-231,-232,-219,-227,-204,-13,-19,-16,-13,-15,-15,-15,-70,-69,-70,-64,-71,-70,-116,-124,-147,-82,-110,-108,-184,-168,-147,-150,-164,-152,-250,-242,-387,-393,-1554,-1588,-1041,-906]} 1. e4 c5 2. Nc3 d6 3. f4 Nc6 4. Nf3 g6 5. g3 Bg7 6. Bg2 e6 7. d3 Nge7 8. Be3 Nd4 9. O-O Rb8 10. Bxd4 cxd4 11. Ne2 Qb6 12. Rb1 O-O 13. Kh1 {B25: Closed Sicilian: 3 g3, lines without early Be3} Bd7 (13... e5 14. c3 Be6 15. c4 a5 16. Nh4 f5 17. Qd2 Qc7 18. b4 fxe4 19. Bxe4 Nf5 20. Nxf5 gxf5 {1-0 (62) Walczak,K (1950)-Markowski,D (2289) Gdansk 2005}) 14. g4 $146 ({Predecessor:} 14. Qd2 Bc6 15. c3 dxc3 16. Nxc3 d5 17. e5 d4 18. Ne2 {0-1 (49) Kovacs,M (1815)-Marosi,L (1850) Celldoemoelk 2011}) 14... f5 15. gxf5 {The position is equal.} gxf5 16. Qe1 Rbc8 17. c4 (17. c3 $11) 17... fxe4 $17 18. dxe4 Rxc4 {White must now prevent ...e5.} 19. b3 Rc2 {...Bb5 is the strong threat.} 20. Qd1 Rxa2 21. Nfxd4 Nc6 22. Nf3 Nb4 {Hoping for ...Bb5.} 23. Bh3 {[#]} (23. Nfd4 $17) 23... Qc6 $2 (23... Qe3 $1 $19 24. Nc1 Rc2) 24. Rg1 $2 (24. Ng3 $15) 24... Qxe4 $19 25. Nc3 Qxf4 26. Nxa2 Qxf3+ $2 (26... Nxa2 $19 27. Rg3 Bc6) 27. Qxf3 $11 Rxf3 28. Bg2 $1 {[%cal Rg2f3]} Rf4 29. Nxb4 Rxb4 30. Rbc1 (30. Rgc1 $1 $11) 30... Bd4 $1 $15 {[%cal Rd4g1]} 31. Rgf1 Bc5 32. Rc3 {[#] Rg3+ would kill now.} Be8 $1 33. Rg3+ Bg6 34. Bh3 e5 (34... Kh8 $142 35. Rf8+ Kg7) 35. Be6+ Kg7 36. Rf7+ (36. Bd5 $17) 36... Kh6 $19 37. Rh3+ Kg5 38. Rg3+ Kh5 {Threatens to win with ...Be4+.} 39. Rh3+ (39. Rff3 $17 {might work better.}) 39... Rh4 40. Rxh4+ (40. Rg3 $142) 40... Kxh4 41. Bd5 $2 (41. Rf3 Be4 42. Kg2) 41... Bxf7 42. Bxf7 Kg4 {Precision: White = 31%, Black = 52%.} 0-1

[Event "World Senior chT-50 2019"]
[Site "Rhodes"]
[Date "2019.04.16"]
[Round "1.12"]
[White "Thorhallsson, Throstur"]
[Black "Jeske, Kirsten"]
[Result "1-0"]
[WhiteElo "2425"]
[BlackElo "1951"]
[Annotator "TA"]
[PlyCount "57"]
[EventDate "2019.04.16"]
[EventType "team-tourn"]
[EventCountry "GRE"]
[SourceTitle "playchess.com"]
[Source "ChessBase"]
[SourceQuality "1"]
[WhiteTeam "Iceland"]
[BlackTeam "Germany"]
[WhiteTeamCountry "ISL"]
[BlackTeamCountry "GER"]

{[%evp 9,57,27,31,25,28,0,16,8,81,0,87,81,83,82,90,63,85,74,133,117,257,262,253,220,274,261,442,445,443,431,437,409,397,380,574,437,501,502,485,463,975,941,1715,1025,1737,1731,1703,1603,1377,1163]} 1. e4 e5 2. Bc4 d6 3. d3 Nc6 (3... c6 4. Nc3 Nf6 5. Bb3 Na6 6. f4 Nc5 7. Nf3 Nxb3 8. axb3 exf4 9. Bxf4 Be7 10. O-O O-O 11. Ne2 a6 12. Ng3 Ng4 13. h3 Nf6 14. Qd2 Be6 15. Rae1 Kh8 16. Nf5 Bxf5 17. exf5 a5 18. Bh2 a4 19. bxa4 Rxa4 {1-0 (35) Lu,S (2615)-Abergel,T (2475) St Petersburg 2016}) 4. c3 Na5 5. Bb5+ Bd7 6. Bxd7+ $146 {C23: Bishop's Opening: 2...Bc5} ({Predecessor:} 6. Ba4 Bxa4 7. Qxa4+ Nc6 8. Nf3 Be7 9. d4 exd4 10. cxd4 Qd7 11. Nc3 {1-0 (22) Lerch Gallemi,J (2289)-Torres Martinez,J (1755) Barcelona 2011}) 6... Qxd7 7. f4 O-O-O 8. Nf3 {The position is equal.} f6 (8... exf4 $11 9. Bxf4 d5) 9. c4 ({Better is} 9. b4 $16 Nc6 10. b5) 9... c5 (9... f5 $11 {remains equal.}) 10. Nc3 $16 exf4 11. Bxf4 g5 12. Bg3 h5 13. Nd5 Be7 (13... h4 $142 14. Bf2 Nc6) 14. b4 cxb4 (14... h4 $16 {was necessary.}) 15. Bf2 Kb8 16. Nd4 Nc6 17. a3 {[%cal Ba2a3,Ba3b4,Bb4b5,Bb5a6][%mdl 32]} b6 $2 (17... b3 18. Qxb3 Nxd4 19. Bxd4 Re8) 18. axb4 $18 Nxd4 19. Bxd4 Rf8 20. O-O Bd8 21. Rf2 {[#] aiming for Rfa2.} Rh7 (21... Ne7 {might work better.} 22. Nxf6 Qb7) 22. b5 {White is clearly winning.} Rff7 23. Nb4 a5 24. bxa6 Ka7 (24... Ne7 $142 25. Bxf6 g4) 25. Nd5 f5 26. exf5 Nf6 {[#]} 27. Nxb6 $1 {[%mdl 512]} Bxb6 28. Bxb6+ Ka8 29. Bd4 {Accuracy: White = 60%, Black = 27%.} 1-0

[Event "World Senior chT-50 2019"]
[Site "Rhodes"]
[Date "2019.04.16"]
[Round "1.13"]
[White "Arkell, Keith C"]
[Black "Kristiansen, Erling"]
[Result "1-0"]
[WhiteElo "2467"]
[BlackElo "2134"]
[Annotator "TA"]
[PlyCount "85"]
[EventDate "2019.04.16"]
[EventType "team-tourn"]
[EventCountry "GRE"]
[SourceTitle "playchess.com"]
[Source "ChessBase"]
[SourceQuality "1"]
[WhiteTeam "England"]
[BlackTeam "Norway"]
[WhiteTeamCountry "ENG"]
[BlackTeamCountry "NOR"]

{[%evp 19,85,-8,-8,-9,-3,-10,-9,-5,-9,-9,17,11,8,6,20,7,3,0,0,0,0,0,58,50,56,12,60,54,60,52,59,57,54,35,66,45,65,28,60,49,44,44,127,136,166,162,164,166,168,145,151,143,154,131,138,138,133,118,113,124,168,170,168,166,168,172,177,173]} 1. d4 Nf6 2. c4 e6 3. Nf3 d5 4. cxd5 exd5 5. Nc3 c6 6. Bg5 Bf5 7. e3 Nbd7 8. Bd3 Bxd3 9. Qxd3 Be7 10. O-O O-O 11. Qc2 {D35: Queen's Gambit Declined: Exchange Variation} (11. Rab1 a5 12. h3 {½-½ (12) Amonatov,F (2624)-Shimanov,A (2623) Astana 2017}) 11... Re8 12. Rab1 Ne4 13. Bxe7 {The position is equal.} Qxe7 14. b4 $146 ({Predecessor:} 14. Nxe4 dxe4 15. Nd2 c5 16. Rfe1 Rac8 17. Rbc1 g6 18. Qb3 b6 19. h3 Rcd8 20. Nc4 Nf6 21. dxc5 Qxc5 {½-½ (29) Camacho Dominguez,F-Gonzalez Barcina,F (1961) ICCF email 2010}) 14... Rac8 15. Nxe4 dxe4 16. Nd2 Nf6 17. Qc5 Nd5 18. Qxe7 Rxe7 19. Rfc1 f5 20. g3 g5 (20... Rec7 $11) 21. b5 $14 f4 22. bxc6 fxe3 23. fxe3 bxc6 24. Rb3 Rcc7 25. Kf2 Re6 26. Ke2 Rf7 27. Rf1 Rxf1 28. Nxf1 {[%mdl 4096] Endgame KRN-KRN} c5 29. dxc5 Ra6 30. a3 Ra5 (30... Kf7 $14) 31. Nd2 $16 Rxc5 32. Nxe4 Rc2+ 33. Kd3 Rxh2 34. Rb5 Nb6 35. Rxg5+ Kf7 36. Ra5 Nc8 37. Rc5 Ne7 38. Nd6+ Ke6 39. Nb5 Ra2 40. Nd4+ {White is clearly better.} Kd7 41. Ra5 Nc8 42. Nc2 {[#] Strongly threatening Kc3.} Rb2 43. Rh5 {Accuracy: White = 78%, Black = 54%.} 1-0

[Event "World Senior chT-50 2019"]
[Site "Rhodes"]
[Date "2019.04.16"]
[Round "1.14"]
[White "Semakoff, Aleks"]
[Black "Emms, John M"]
[Result "0-1"]
[WhiteElo "2037"]
[BlackElo "2474"]
[Annotator "TA"]
[PlyCount "60"]
[EventDate "2019.04.16"]
[EventType "team-tourn"]
[EventCountry "GRE"]
[SourceTitle "playchess.com"]
[Source "ChessBase"]
[SourceQuality "1"]
[WhiteTeam "Norway"]
[BlackTeam "England"]
[WhiteTeamCountry "NOR"]
[BlackTeamCountry "ENG"]

{[%evp 20,60,6,0,0,-12,10,6,1,-16,-13,-16,-1,-10,32,-90,-84,-110,-105,-105,-91,-97,-57,-44,-31,-26,-29,-102,-102,-99,-101,-169,-180,-165,-236,-450,-460,-570,-525,-1082,-1117,-1070,-1019]} 1. e4 c5 2. Nf3 Nc6 3. d4 cxd4 4. Nxd4 g6 5. Nc3 Bg7 6. Nde2 Nf6 7. g3 b5 8. Bg2 Rb8 9. O-O O-O 10. Nd5 d6 11. Bg5 Ng4 {B70: Sicilian Dragon: 6 g3 and 6 Be2 (without a later Be3)} (11... Nd7 12. c3 h6 13. Be3 e6 14. Nb4 Nxb4 15. cxb4 Nb6 16. Bd4 e5 17. Bxb6 Qxb6 18. Nc3 Be6 19. a3 {½-½ (19) L'Ami,E (2636)-Tiviakov,S (2583) Amsterdam 2018}) 12. h3 h6 $146 ({Predecessor:} 12... Nge5 13. Nd4 h6 14. Be3 e6 15. Nf4 a6 16. b3 Qd7 17. Qd2 Rd8 18. Rad1 Bb7 19. Nfe2 Nxd4 20. Bxd4 Bf8 {½-½ (20) Paz Ladron de Guevara,D (2235)-Pariente Lopez,F (2275) Malaga 1998}) 13. Bd2 Nge5 {The position is equal.} 14. Rb1 b4 15. b3 e6 16. Ne3 d5 17. f4 (17. exd5 $14 {is the one way to stay ahead.} exd5 18. Nf4 (18. Nxd5 Bxh3 19. Bf4 Bxg2 $15)) 17... d4 $17 18. Ng4 Nxg4 19. hxg4 Ba6 $36 {[%mdl 2048] ...d3 is the strong threat. Black is on the roll.} 20. e5 d3 21. cxd3 Bxd3 {aiming for ...Nxe5.} 22. Rc1 Qb6+ 23. Rf2 (23. Kh2 $11 Ne7 24. Rf3) 23... Rfc8 24. Bxc6 Rxc6 {[#]} 25. Rxc6 (25. Be3 $1 $17 {[%mdl 512]} Rxc1 (25... Qxe3 26. Rxc6) 26. Qxc1) 25... Qxc6 $19 26. Be3 {[#]} Qe4 $1 {[%cal Re4e3]} 27. Qd2 $2 (27. Bc5 {keeps fighting.}) 27... Rc8 {Threatens to win with ...Rc2.Black is clearly winning.} 28. Nc1 Ba6 29. Kh2 Bb7 {[%csl Gb7][%cal Re4h1]} 30. Qe1 Rc3 {Accuracy: White = 34%, Black = 67%.} 0-1

[Event "World Senior chT-50 2019"]
[Site "Rhodes"]
[Date "2019.04.16"]
[Round "1.15"]
[White "Plaskett, H James"]
[Black "Johnsen, Sylvia"]
[Result "1-0"]
[WhiteElo "2437"]
[BlackElo "1949"]
[Annotator "TA"]
[PlyCount "65"]
[EventDate "2019.04.16"]
[EventType "team-tourn"]
[EventCountry "GRE"]
[SourceTitle "playchess.com"]
[Source "ChessBase"]
[SourceQuality "1"]
[WhiteTeam "England"]
[BlackTeam "Norway"]
[WhiteTeamCountry "ENG"]
[BlackTeamCountry "NOR"]

{[%evp 26,65,35,29,25,19,20,29,35,26,69,73,64,58,81,69,91,65,133,129,131,132,147,147,144,131,141,142,294,242,449,305,432,370,356,364,529,514,515,515,814,784]} 1. e4 e5 2. Nf3 Nc6 3. Bb5 {[%cal Bf1b5,Bb5a4,Ba4b3][%mdl 32]} a6 4. Ba4 Nf6 5. O-O Be7 6. Re1 b5 7. Bb3 d6 8. c3 O-O 9. d4 Bg4 10. d5 Nb8 11. h3 Bh5 {C91: Closed Ruy Lopez: 7...d6 8 c3 0-0 9 d4} 12. Nbd2 {[%cal Bb1d2,Bd2f1,Bf1e3,Be3d5][%mdl 32]} c5 13. dxc6 Nxc6 14. Nf1 {LiveBook: 4 Games} Rc8 $146 ({Predecessor:} 14... Na5 15. Bc2 Qc7 16. Ng3 Bg6 {1-0 (29) Kasimdzhanov,R (2662)-Al Zendani,Z (2301) Batumi 2018}) 15. Bg5 Bg6 16. Bxf6 Bxf6 17. Qd3 Ne7 18. Rad1 Rc6 19. Ne3 Nc8 20. a4 Rc5 21. axb5 axb5 (21... Rxb5 $14 22. Qc2 Nb6) 22. Nd5 $16 Kh8 23. Ba2 Nb6 24. Nxf6 Qxf6 25. b4 Rcc8 26. Qxb5 d5 $2 {[#]} (26... Rb8 $16 27. Bb3 Rfc8) 27. exd5 $18 Rxc3 $2 (27... e4 {was necessary.}) 28. Nxe5 Bh5 (28... Qd6 $142 29. Bb1 Bh5) 29. Rc1 Rxc1 30. Rxc1 Qxe5 (30... h6 {might work better.} 31. Re1 Kh7) 31. Qxb6 {White is clearly winning.} h6 32. Qc5 Ra8 (32... Rd8 $142 33. b5 Qb2) 33. d6 {Precision: White = 81%, Black = 30%.} 1-0

[Event "World Senior chT-50 2019"]
[Site "Rhodes"]
[Date "2019.04.16"]
[Round "1.16"]
[White "Harstad, Christian"]
[Black "Ward, Chris G"]
[Result "0-1"]
[WhiteElo "1911"]
[BlackElo "2425"]
[Annotator "TA"]
[PlyCount "54"]
[EventDate "2019.04.16"]
[EventType "team-tourn"]
[EventCountry "GRE"]
[SourceTitle "playchess.com"]
[Source "ChessBase"]
[SourceQuality "1"]
[WhiteTeam "Norway"]
[BlackTeam "England"]
[WhiteTeamCountry "NOR"]
[BlackTeamCountry "ENG"]

{[%evp 23,54,-7,0,-39,-43,-93,-85,-143,-183,-179,-162,-204,-195,-204,-173,-397,-397,-397,-397,-397,-397,-411,-396,-466,-464,-462,-443,-540,-424,-656,-615,-689,-443]} 1. d4 Nf6 2. Nf3 b6 3. c4 Bb7 4. Nc3 e6 5. Bg5 Bb4 6. e3 h6 7. Bh4 g5 8. Bg3 Ne4 9. Qc2 Bxc3+ 10. bxc3 d6 11. Bd3 f5 12. d5 Qf6 {LiveBook: 21 Games. E13: Queen's Indian/Nimzo-Indian hybrid: 4 Nc3 Bb7 5 Bg5 h6 6 Bh4 Bb4} 13. dxe6 $146 ({Predecessor:} 13. Bxe4 fxe4 14. Qxe4 Qxc3+ 15. Ke2 Qb2+ 16. Nd2 Qf6 17. h4 g4 18. h5 Nd7 19. Bh4 Qf5 20. Qxf5 exf5 {0-1 (34) Tang,A (2513)-Nakamura,H (2781) chess.com INT 2018}) 13... Na6 14. O-O Nac5 {Black is better.} 15. Bxe4 ({White should play} 15. Nd4) 15... Bxe4 $17 16. Qd1 Qxe6 17. a4 a5 18. Nd4 Qxc4 19. Bxd6 $2 {[#]} (19. Qh5+ Qf7 20. Qxf7+ Kxf7 21. c4) 19... cxd6 $19 20. Nb5 O-O 21. Qxd6 Qe6 22. Qg3 Rad8 23. h4 Qf6 {Black is clearly winning.} 24. Rfd1 f4 25. Qh3 Qf5 26. g4 (26. Qxf5 $142 Rxd1+ 27. Rxd1 Bxf5 28. exf4) 26... fxg3 27. Qxg3 Qf3 {Precision: White = 20%, Black = 63%.} 0-1

[Event "World Senior chT-50 2019"]
[Site "Rhodes"]
[Date "2019.04.16"]
[Round "1.17"]
[White "Priedite, Ingrida"]
[Black "Soffer, Ram"]
[Result "0-1"]
[WhiteElo "2044"]
[BlackElo "2486"]
[Annotator "TA"]
[PlyCount "104"]
[EventDate "2019.04.16"]
[EventType "team-tourn"]
[EventCountry "GRE"]
[SourceTitle "playchess.com"]
[Source "ChessBase"]
[SourceQuality "1"]
[WhiteTeam "Latvia"]
[BlackTeam "Israel"]
[WhiteTeamCountry "LAT"]
[BlackTeamCountry "ISR"]

{[%evp 11,104,-24,-27,-45,-39,-52,-49,-50,-29,-37,-37,-38,-33,-44,-50,-97,-97,-125,-119,-118,-87,-93,-67,-78,-78,-175,-176,-160,-167,-184,-177,-167,-145,-133,-130,-170,-143,-169,-164,-190,-189,-190,-181,-190,-190,-190,-190,-236,-220,-253,-253,-243,-235,-195,-195,-195,-195,-204,-204,-204,-191,-246,-253,-291,-305,-313,-327,-321,-313,-489,-486,-580,-580,-578,-572,-571,-564,-535,-533,-522,-522,-1807,-1807,-29987,-29988,-29988,-29989,-29989,-29989,-29990,-29991,-29991,-29992,-29999,0]} 1. c4 Nf6 2. Nc3 e5 3. g3 Bb4 4. Bg2 O-O 5. a3 Bxc3 6. bxc3 Re8 7. Nf3 {A22: English Opening: 1...e5 2 Nc3 Nf6} e4 {[#] ...b5 is the strong threat.} 8. Nd4 c5 9. Nc2 {Black is slightly better.} d5 10. cxd5 Qxd5 11. Ne3 Qh5 12. O-O $146 ({Predecessor:} 12. a4 Nc6 13. a5 Bh3 14. Qb3 Re7 15. Bxh3 Qxh3 {½-½ (31) Torfason,J (2320)-Olafsson,H (2503) Reykjavik 1999}) 12... Bh3 (12... Nc6 {seems wilder.} 13. f3 exf3 14. exf3 Be6 15. f4 Qxd1 16. Rxd1 Rad8) 13. f4 Nc6 14. Rb1 b6 15. Rf2 Ne7 16. Bxh3 Qxh3 17. Qf1 Qd7 18. h3 (18. c4 $17) 18... Nfd5 $19 19. Nxd5 Qxd5 20. Kh2 Rad8 21. e3 Qd3 22. Qxd3 Rxd3 23. Kg1 Nf5 24. Rg2 Nd6 25. Kf1 Nc4 26. Ke1 Red8 27. Re2 f5 28. a4 R8d6 29. Rb3 Kf7 30. Rb5 Rh6 31. Rh2 Ke6 32. Rb1 Kd7 33. Rb5 Rhd6 34. Re2 Ke6 35. Rb3 h6 36. g4 (36. Rb1 $142) 36... g5 {aiming for ...gxf4.} 37. fxg5 hxg5 38. gxf5+ Kxf5 39. Rf2+ Kg6 40. Re2 (40. Rg2 {was called for.}) 40... Kh5 41. Rb5 Kh4 42. Rg2 {[#]} Nxe3 $1 {[%mdl 512]} 43. dxe3 Rd1+ {[%mdl 64] Double Attack} 44. Ke2 {intending Rb1.} Rxc1 {[%mdl 4096] Endgame KRR-KRR} 45. Rg4+ Kxh3 46. Rxe4 Rc2+ 47. Ke1 g4 {Black mates.} 48. Re7 g3 49. Rh7+ Kg4 50. Rb1 g2 {[%cal Rg2g1]} 51. Rg7+ Kf3 {[%csl Gf3][%cal Rc2e2]} 52. Rh7 Kg4 $2 {[%mdl 32768] Accuracy: White = 43%, Black = 72%. . Sensor Board Error (Ke4/e5)?} (52... g1=Q# {mates}) 0-1

[Event "World Senior chT-50 2019"]
[Site "Rhodes"]
[Date "2019.04.16"]
[Round "1.18"]
[White "Manor, Ilan"]
[Black "Goldmane, Astra"]
[Result "1-0"]
[WhiteElo "2461"]
[BlackElo "2020"]
[Annotator "TA"]
[PlyCount "68"]
[EventDate "2019.04.16"]
[EventType "team-tourn"]
[EventCountry "GRE"]
[SourceTitle "playchess.com"]
[Source "ChessBase"]
[SourceQuality "1"]
[WhiteTeam "Israel"]
[BlackTeam "Latvia"]
[WhiteTeamCountry "ISR"]
[BlackTeamCountry "LAT"]

{[%evp 10,68,0,0,-10,-14,0,-5,12,15,17,16,41,33,54,38,31,23,102,37,118,108,108,118,116,112,116,131,121,125,144,137,139,139,192,163,201,204,196,197,327,325,429,435,461,417,583,529,739,739,766,756,818,795,2017,1995,1907,1900,1702,1648,29984]} 1. e4 c5 2. Nc3 Nc6 3. f4 d6 4. Bc4 Nf6 5. Nf3 e6 6. d3 a6 {B23: Closed Sicilian: Lines without g3} (6... d5 7. Bb5 dxe4 8. Ne5 Bd7 9. Bxc6 Bxc6 10. Nxc6 bxc6 11. Nxe4 Nxe4 12. dxe4 Qxd1+ 13. Kxd1 f5 14. c3 Kf7 15. Kc2 {0-1 (41) Jakubiec,A (2513)-Czebe,A (2451) Erbil 2013}) 7. Qe2 b5 8. Bb3 Nd4 $146 {The position is equal.} ({Predecessor:} 8... Na5 9. O-O Nxb3 10. axb3 Bb7 11. e5 Nd5 12. f5 Nxc3 13. bxc3 Bxf3 14. Qxf3 {1-0 (29) Kumpulainen,K (1992)-Tiihonen,I (1935) Finland 2016}) 9. Nxd4 $1 cxd4 10. Nb1 {[%cal Bc3b1,Bb1d2,Bd2f3][%mdl 32]} e5 11. Nd2 Be7 ({Of course not} 11... exf4 12. O-O $16) 12. Nf3 Qc7 13. O-O $36 {[%mdl 2048] White fights for an advantage.} Bg4 (13... O-O $11) 14. h3 (14. Qe1 $16) 14... Bxf3 ({Better is} 14... Be6 $14) 15. Rxf3 O-O 16. fxe5 dxe5 17. Qf2 a5 {[#] White must now prevent ...a4.} 18. a4 bxa4 19. Rxa4 Ra6 20. Bd2 Bd8 21. Rf5 Be7 (21... g6 $16) 22. Qe1 Bd8 23. Bc4 Ra7 24. b4 {[%cal Bb2b4,Bb4a5][%mdl 32]} Nd7 (24... Ne8 $142) 25. Rxa5 $18 ({But not} 25. bxa5 $6 Bf6 $18) 25... Rxa5 26. bxa5 Bf6 27. g4 g6 28. Rf3 {White is clearly winning.} Kg7 29. Qf2 Qd8 30. Bb4 Re8 31. Bb5 Bg5 32. Rxf7+ {[%mdl 64] [#] Double Attack} Kh8 33. Kg2 Be3 34. Qf3 Nb8 {Accuracy: White = 85%, Black = 19%.} 1-0

[Event "World Senior chT-50 2019"]
[Site "Rhodes"]
[Date "2019.04.16"]
[Round "1.19"]
[White "Ungure, Liga"]
[Black "Kaspi, Alexander"]
[Result "0-1"]
[WhiteElo "1930"]
[BlackElo "2452"]
[Annotator "TA"]
[PlyCount "112"]
[EventDate "2019.04.16"]
[EventType "team-tourn"]
[EventCountry "GRE"]
[SourceTitle "playchess.com"]
[Source "ChessBase"]
[SourceQuality "1"]
[WhiteTeam "Latvia"]
[BlackTeam "Israel"]
[WhiteTeamCountry "LAT"]
[BlackTeamCountry "ISR"]

{[%evp 24,112,-7,-27,-10,-50,3,24,41,0,0,3,22,22,23,0,17,0,31,31,45,44,68,-51,-51,-82,-61,-67,0,0,0,0,33,-13,0,-94,-68,-68,-31,-74,-69,-72,-56,-70,-82,-41,0,0,0,0,0,-166,0,-20,0,-8,-6,-9,0,-78,-70,-47,-47,-137,-124,-122,-122,-122,-114,-137,-129,-116,-106,-337,-329,-479,-462,-4451,-3256,-4133,-1839,-5600,-1416,-29969,-29969,-29967,-29968,-6748,-6700,-5616,-4618]} 1. Nf3 d5 2. g3 Nf6 3. Bg2 e6 4. O-O Be7 5. d3 b6 6. e4 Bb7 7. e5 Nfd7 8. Nbd2 c5 9. Re1 Nc6 10. h4 Qc7 11. Qe2 h6 12. Nf1 O-O-O 13. c3 Kb8 {C00: French: Unusual White 2nd moves} (13... Nf8 14. N1h2 f5 15. exf6 gxf6 16. d4 Bd6 17. dxc5 bxc5 18. b4 Kb8 19. bxc5 Bxc5 20. Be3 Bxe3 21. Qxe3 {0-1 (80) Petenyi,T (2428)-Duda,J (2591) Jerusalem 2015}) 14. N1h2 {[#]} Rdg8 (14... g5 $1 $15 {[%mdl 512]}) 15. Ng4 $11 Ba6 {White has an edge.} 16. a3 $146 ({Predecessor:} 16. Bf4 Nf8 17. h5 Nh7 18. c4 Rd8 19. Rad1 Bb7 20. Ne3 d4 21. Ng4 Ka8 {1-0 (59) Gabriel,J (2091)-Esswein,K (2092) Templin 2017}) 16... c4 17. d4 b5 18. Ne3 Nb6 19. Nc2 Bc8 20. Nb4 Nd8 21. Bd2 a5 22. Nc2 f5 23. Reb1 (23. exf6 $1 $14 gxf6 24. h5) 23... g5 $15 24. hxg5 hxg5 25. b3 Bd7 ({Black should try} 25... Ka7 $15) 26. a4 $11 cxb3 27. Rxb3 bxa4 28. Rbb1 {Black must now prevent Qa6.} Ka7 $1 29. Na3 (29. Bc1 $11 {remains equal.}) 29... Bxa3 $1 $17 30. Rxa3 Nf7 31. Ne1 Nc4 $36 {[%mdl 2048] White is under pressure.} 32. Raa1 Rb8 ({Of course not} 32... Nxd2 33. Qxd2 Rb8 34. Nd3 $11) 33. Nd3 Rxb1+ 34. Rxb1 Rb8 35. Ra1 g4 36. Bf4 Bb5 37. Bf1 $2 {[#]} (37. Qc2 $11 {and White has nothing to worry.}) 37... Nb6 $2 ({Better is} 37... Qe7 $1 $19 {Threatens to win with ...Ng5.} 38. Nc5 Ng5) 38. Qc2 Nd8 39. Nc5 Bxf1 40. Kxf1 Qc6 41. Nxa4 (41. Kg1 $11 {keeps the balance.}) 41... Nxa4 42. Rxa4 Qb5+ 43. Kg2 (43. Ke1 $15) 43... Nc6 44. c4 dxc4 45. Qxc4 Ka6 46. Be3 Qxc4 47. Rxc4 {[%mdl 4096] Endgame KRB-KRN} Nb4 48. d5 $2 (48. Kf1 $17 {was necessary.}) 48... Nxd5 $19 49. Rc6+ (49. Bd2 $142) 49... Kb5 50. Rxe6 (50. Rc5+ $142 Kb4 51. Bd4) 50... Nxe3+ 51. fxe3 {KR-KR} a4 {[%cal Ba5a4,Ba4a3,Ba3a2][%mdl 32]} 52. e4 fxe4 (52... a3 $142 53. Rh6 a2) 53. Kf2 a3 54. Rd6 Ra8 55. Rd1 a2 56. Ra1 Ra3 {Accuracy: White = 24%, Black = 47%.} 0-1

[Event "World Senior chT-50 2019"]
[Site "Rhodes"]
[Date "2019.04.16"]
[Round "1.20"]
[White "Gruenfeld, Yehuda"]
[Black "Harlinska, Sandra"]
[Result "1-0"]
[WhiteElo "2428"]
[BlackElo "1833"]
[Annotator "NA RC"]
[PlyCount "65"]
[EventDate "2019.04.16"]
[EventType "team-tourn"]
[EventCountry "GRE"]
[SourceTitle "playchess.com"]
[Source "ChessBase"]
[SourceQuality "1"]
[WhiteTeam "Israel"]
[BlackTeam "Latvia"]
[WhiteTeamCountry "ISR"]
[BlackTeamCountry "LAT"]
[TimeControl "40/5400+30:1800+30"]

1. e4 {[%emt 0:00:00]} c6 {[%emt 0:00:00]} 2. d4 {[%emt 0:00:00]} d5 {[%emt 0:00:00]} 3. Nc3 {[%emt 0:00:00]} dxe4 {[%emt 0:00:00]} 4. Nxe4 {[%emt 0:00:00]} Bf5 {[%emt 0:00:05]} 5. Ng3 {[%emt 0:00:06]} Bg6 {[%emt 0:00:08]} 6. h4 {[%emt 0:00:05]} h6 {[%emt 0:00:13]} 7. h5 {[%emt 0:00:06]} Bh7 {[%emt 0:00:09]} 8. Nf3 {[%emt 0:00:11]} Nd7 {[%emt 0:00:27]} 9. Bd3 {[%emt 0:00:21]} Bxd3 {[%emt 0:00:19]} 10. Qxd3 {[%emt 0:00:06]} Ngf6 {[%emt 0:00:16]} 11. Bd2 {[%emt 0:00:07]} e6 {[%emt 0:01:02]} 12. Qe2 {[%emt 0:00:58]} Be7 {[%emt 0:03:33]} 13. O-O-O {[%emt 0:00:59]} Qc7 {[%emt 0:17:36]} 14. Ne5 {[%emt 0:02:10]} Nxe5 {[%emt 0:03:31]} 15. dxe5 {[%emt 0:00:08]} Nd7 {[%emt 0:00:08]} 16. f4 {[%emt 0:00:09]} O-O-O {[%emt 0:00:24]} 17. Ne4 {[%emt 0:03:41]} Nc5 {[%emt 0:05:24]} 18. Nc3 {[%emt 0:00:06]} Kb8 {[%emt 0:24:00]} 19. Be3 {[%emt 0:08:26]} Qa5 {[%emt 0:05:32]} 20. Qf2 {[%emt 0:06:34]} Na4 {[%emt 0:23:44]} 21. Bxa7+ {[%emt 0:02:55]} Ka8 {[%emt 0:00:05]} 22. Nxa4 {[%emt 0:00:33]} Qxa4 {[%emt 0:00:06]} 23. Bb6 {[%emt 0:00:10]} Rxd1+ {[%emt 0:00:21]} 24. Rxd1 {[%emt 0:00:16]} Qxa2 {[%emt 0:00:40]} 25. Qd4 {[%emt 0:01:40]} Qa1+ {[%emt 0:01:45]} 26. Kd2 {[%emt 0:00:12]} Qa6 {[%emt 0:00:30]} 27. b4 {[%emt 0:05:44]} Kb8 {[%emt 0:01:21]} 28. Ke3 {[%emt 0:02:58]} Qa3+ {[%emt 0:03:58]} 29. c3 {[%emt 0:08:27]} Qb3 {[%emt 0:00:17]} 30. Ba7+ {[%emt 0:01:30]} Ka8 {[%emt 0:00:30]} 31. Ra1 {[%emt 0:00:50]} Re8 {[%emt 0:04:06]} 32. Bc5+ {[%emt 0:00:40]} Kb8 {[%emt 0:00:07]} 33. Bd6+ {[%emt 0:00:43]} 1-0